| 000 | 00442nam a22001817a 4500 | ||
|---|---|---|---|
| 003 | OSt | ||
| 008 | 200714b ||||| |||| 00| 0 eng d | ||
| 020 | _a9789388756150 | ||
| 082 | _a547 SRP | ||
| 100 | _aSrivastava, Ashish | ||
| 245 | _aPharmaceutical Organic chemistry -III | ||
| 250 | _a2019 | ||
| 260 |
_aAgra _bR. Narain |
||
| 300 | _aPg-256 | ||
| 650 | _aPharmaceutical Organic Chemisty | ||
| 700 | _aMishra, A.B | ||
| 942 |
_2ddc _cBK |
||
| 999 |
_c8944 _d8944 |
||